LEADER 01603nam a2200325 a 4500 001 000000120228 003 CaOOAMICUS 005 20100223122727.0 008 100223t2009 it a u001 0 ita r 020 $a978-88-6124-143-5 040 $aPUL$bita$dReb 245 03$aLa Torah /$ca cura di Irmtraud Fischer, Mercedes Navarro Puerto ; con la collaborazione di Andrea Taschl-Erber. 260 $aTrapani :$bIl pozzo di Giacobbe,$c©2009. 300 $a446 p. :$bill. ;$c24 cm 490 1 $aLa Bibbia e le donne. La Bibbia ebraica. ;$v01 500 $aIn testa al front.: Fondazione P. Valerio per la storia delle donne, Napoli. 504 $aBibliografia in nota. 630 04$aBiblia.$pV.T.$xCritica e interpretazione.$0(OLS)http://pul/subject/3062 630 04$aTorah$xCritica e interpretazione.$0(OLS)http://pul/subject/36113 700 1 $aTaschl-Erber, Andrea.$0(OLS)http://pul/name/75193 700 1 $aPuerto, Mercedes Navarro.$0(OLS)http://pul/name/75192 700 1 $aFischer, Irmtraud.$0(OLS)http://pul/name/55832 710 2 $aFondazione Pasquale Valerio per la storia delle donne.$0(OLS)http://pul/name/75191 830 3$aLa Bibbia e le donne$pLa Bibbia ebraica ;$v01.$0(OLS)http://pul/title/151232 850 $aPUL 852 $aPUL$W1$xSL Religione 3$y85$m220. 92 COLL 1.1.1$j137861$qDDC 21$B137007$CPULBib$Z2$F137007 $H112795 $82 941 1 $a9 996 $6020$a978-88-6124-143-5$9(OLS)http://pul/number/143405 996 $6245$aLa Torah$9(OLS)http://pul/title/151231 996 $6260$aTrapani :$bIl pozzo di Giacobbe$9(OLS)http://pul/publisher/79226 LEADER 01517nam a2200289 a 4500 001 000000142603 003 CaOOAMICUS 005 20150408095823.0 008 150408s1965 fr u000 u fre r 040 $aPUL$bita 100 1 $aBontems, Claude.$0(OLS)http://pul/name/91702 245 13$aLe prince dans la France des XVIe et XVIIe siècles /$cpar Claude Bontems, Léon-PierreRaybaud et Jean-Pierre Brancourt ; préface de François Dumont. 260 $aParis :$bUniversitaires de France,$c1965. 300 $aVIII, 286 p. ;$c24 cm 490 1 $aTravaux et recherches de la Faculté de droit et des sciences économiques de Paris.$aSérie "Sciences historiques" ;$v07 504 $aBibliografia in nota. 651 4$aFrancia$xStoria$ySec. XVI-XVII.$0(OLS)http://pul/subject/41288 700 1 $aRaybaud, Léon-Pierre.$0(OLS)http://pul/name/19521 700 1 $aDumont, François.$0(OLS)http://pul/name/4816 700 1 $aBrancourt, Jean-Pierre.$0(OLS)http://pul/name/91703 830 0$aTravaux et recherches de la Faculté de droit et des sciences économiques de Paris.$pSérie "Sciences historiques" ;$v07.$0(OLS)http://pul/title/57234 850 $aPUL 852 $aPUL$W1$xDP1 Fondo Capitani$y116$m10 F 66$j164488$qFondi$B164730$CPULBib$Z2$F164730 $HCap1134 $82 941 1 $a1 996 $6245$aLe prince dans la France des XVIe et XVIIe siècles$9(OLS)http://pul/title/180531 996 $6260$aParis :$bUniversitaires de France$9(OLS)http://pul/publisher/64868